| 000 | 01502nad a22002535a 4500 | ||
|---|---|---|---|
| 008 | 240701s2024 stk f s000 0 eng d | ||
| 041 | 0 | _aeng | |
| 110 | 2 |
_aScottish Government _kLaws, etc _96043 |
|
| 245 | 0 | 4 |
_aHousing (Cladding Remediation) (Scotland) Act 2024 _h[electronic resource] |
| 260 |
_aEdinburgh _bScottish Government _c2024 |
||
| 490 | 0 |
_aScottish Act _v2024 |
|
| 520 | _aAn Act of the Scottish Parliament to confer on the Scottish Ministers powers to identify external wall cladding systems on residential buildings that create or exacerbate risks to human life and to address those risks; to establish a register to record that a building's cladding has been assessed and that remediation works have been completed; to enable one or more schemes to be established to require persons in the building industry to contribute towards assessing and remediating dangerous cladding; and for connected purposes. The Bill for this Act of the Scottish Parliament was passed by the Parliament on 14th May 2024 and received Royal Assent on 21st June 2024 | ||
| 521 | _aAdvanced | ||
| 650 | 2 | 4 | _aHousing (Cladding Remediation) (Scotland) Bill |
| 650 | 2 | 4 | _aHousing (Cladding Remediation) (Scotland) Act 2024 |
| 650 | 2 | 4 | _aCLADDING |
| 650 | 2 | 4 | _aFIRE SAFETY |
| 650 | 2 | 4 | _aREMEDIATION |
| 650 | 2 | 4 | _aRESIDENTIAL PROPERTY |
| 651 | 4 | _aScotland | |
| 690 |
_aBuilding control _96222 |
||
| 856 | 4 | 0 |
_uhttps://www.legislation.gov.uk/asp/2024/7/contents/enacted _zAct as enacted |
| 942 |
_n0 _2ddc |
||
| 999 |
_c121960 _d121960 |
||